Tout les buteurs européens du PSG - Statistiques

Statistiques générales
  • Ce quiz a été pris 93 fois
    21 depuis la dernière actualisation
  • Le résultat moyen est 46 sur 139
Statistiques - réponses
Saisons Buts Nationalité Poste Répondre % Correct
2023 - 6 France Att Bradley Barcola
90%
2003 - 2008 7 Portugal Att Pedro Miguel Pauleta
90%
2021 - 6 Maroc Def Achraf Hakimi
80%
2011 - 2017 6 France Mil Blaise Matuidi
80%
2024 - 10 France Att Désiré Doué
80%
2013 - 2020 30 Uruguay Att Edinson Cavani
80%
2024 - 3 Portugal Mil João Neves
80%
2017 - 2024 42 France Att Kylian Mbappé
80%
2013 - 11 Bresil Def Marquinhos
80%
2017 - 2023 22 Bresil Att Neymar
80%
2023 - 18 France Att Ousmane Dembélé
80%
1993 -1998 11 Bresil Mil Raí
80%
2012 - 2020 3 Bresil Def Thiago Silva
80%
2022 - 10 Portugal Mil Vitinha
80%
2012 - 2016 20 Suède Att Zlatan Ibrahimović
80%
2015 - 2022 14 Argentine Att Ángel Di María
70%
2017 - 2019 2 Bresil Def Dani Alves
70%
2012 - 2016 7 Argentine Att Ezequiel Lavezzi
70%
2022 - 2 Espagne Mil Fabian Ruiz
70%
2023 - 6 Portugal Att Gonçalo Ramos
70%
2023 - 2 Corée du Sud Att Kang In Lee
70%
2025 - 13 Géorgie Att Khvicha Kvaratskhelia
70%
2021 - 2023 9 Argentine Att Lionel Messi
70%
2012 - 2023 3 Italie Mil Marco Verratti
70%
2021 - 7 Portugal Def Nuno Mendes
70%
2012 - 2018 2 Italie Mil Thiago Motta
70%
2022 - 2 France Mil Warren Zaïre-Emery
70%
2024 - 2 Equateur Def Willian Pacho
70%
2012 - 2019 4 France Mil Adrien Rabiot
60%
2002 - 2004 1 Bresil Mil André Luiz
60%
2014 - 2016 3 Bresil Def David Luiz
60%
1992 - 1995 16 Liberia Att George Weah
60%
2018 - 2025 5 Espagne Def Juan Bernat
60%
2017 - 2023 1 Allemagne Mil Julian Draxler
60%
2023 - 2025 1 Slovaquie Def Milan Škriniar
60%
2001 - 2003 3 Bresil Att Ronaldinho
60%
2024 - 4 France Mil Senny Mayulu
60%
2014 - 2017 1 Côte d'Ivoire Def Serge Aurier
60%
2016 - 2020 3 Belgique Def Thomas Meunier
60%
2019 - 2023 1 Espagne Mil Ander Herrera
50%
1990 - 1995 2 France Def Antoine Kombouaré
50%
2022 - 2025 1 Espagne Mil Carlos Soler
50%
2018 - 2020 1 Cameroun Att Eric Maxim Choupo-Moting
50%
2008 - 2013 9 France Att Guillaume Hoarau
50%
2019 - 2022 1 Senegal Mil Idrissa Gana Gueye
50%
2011 - 2018 6 Argentine Mil Javier Pastore
50%
1998 - 2002 7 Nigeria Att Jay-Jay Okocha
50%
2011 - 2014 4 France Att Jérémy Ménez
50%
2015 - 2024 3 France Def Layvin Kurzawa
50%
2023 - 1 France Def Lucas Hernandez
50%
2012 - 2018 3 Bresil Att Lucas Moura
50%
2019 - 2023 5 Argentine Att Mauro Icardi
50%
2020 - 2021 2 Italie Att Moise Kean
50%
2019 - 2023 2 Espagne Att Pablo Sarabia
50%
2014 - 2025 1 France Def Presnel Kimpembe
50%
2012 - 2014 2 Bresil Def Alex
40%
2009 - 2014 1 France Def Christophe Jallet
40%
1992 1995 5 France Att David Ginola
40%
2021 - 2023 2 Pays - Bas Mil Georginio Wijnaldum
40%
2010 - 2013 6 Bresil Mil Nenê
40%
2023 - 1 France Att Randal Kolo Muani
40%
1982 - 1991 4 Yougoslavie Mil Safet Sušić
40%
2006 - 2015 2 France Mil Clément Chantôme
30%
2001 - 2004 1 Argentine Def Gabriel Heinze
30%
2004 - 2010 1 France Mil Jérôme Rothen
30%
1978 - 1986 2 France Mil Luis Fernandez
30%
2009 - 2012 1 Turquie Att Mevlüt Erdinç
30%
1996 - 1997puis 2000 - 2002 8 France Att Nicolas Anelka
30%
1991 - 1998 5 France Mil Paul Le Guen
30%
2014 - 2015 1 France Mil Yohan Cabaye
30%
1992 - 1998 2 France Def Alain Roche
20%
1989 -1996 2 France Mil Daniel Bravo
20%
1980 - 1987 3 France Att Dominique Rocheteau
20%
2004 - 2009 1 France Att Fabrice Pancrate
20%
2011 - 2013 1 France Att Kevin Gameiro
20%
2007 - 2012 1 Bresil Def Marcos Ceará
20%
2001 - 2003 1 Argentine Def Mauricio Pochettino
20%
2001 - 2002 1 Espagne Mil Mikel Arteta
20%
2007 - 2012 10 France Att Peguy Luyindula
20%
2006 - 2011 1 Mali Def Sammy Traoré
20%
2008 - 2011 1 Benin Mil Stéphane Sessègnon
20%
1991 - 1995 3 Bresil Def Valdo Filho
20%
1995 - 1996 4 France Att Youri Djorkaeff
20%
1999 - 2001 1 Algerie Mil Ali Benarbia
10%
1999 - 2001 5 Bresil Att Christian
10%
1978 - 1985 2 France Mil Dominique Bathenay
10%
1997 - 2001 1 Madagascar Def Éric Rabesandratana
10%
2002 - 2004 1 France Mil Fabrice Fiorèse
10%
2011 - 2018 1 France Att Jean-Christophe Bahebeck
10%
1992 - 1994 2 France Att Jean-Luc Sassus
10%
1975 - 1989 2 France Def Jean-Marc Pilorget
10%
1995 -2000puis 2002 - 2003 2 France Mil Jérôme Leroy
10%
1995 - 1997 4 Panama Att Julio Dely Valdés
10%
1982 - 1983 1 Pays - Bas Att Kees Kist
10%
1998 - 2003 6 France Att Laurent Leroy
10%
1999 - 2001 7 France Mil Laurent Robert
10%
1996 - 1997 3 Bresil Def Leonardo
10%
1997 - 1999 5 Italie Att Marco Simone
10%
2008 - 2010 3 Serbie Att Mateja Kežman
10%
2010 - 2013 4 France Def Mathieu Bodmer
10%
1980 - 1985 3 Tchad Att Nambatingue Toko
10%
1991 - 1996 3 France Att Pascal Nouma
10%
1992 - 1997 3 Cameroun Att Patrick Mboma
10%
1991 - 1995 2 Bresil Def Ricardo Gomes
10%
1984 - 1985 2 Autriche Att Richard Niederbacher
10%
2000 - 2005 1 Tunisie Mil Selim Benachour
10%
1986 - 1987 1 Yougoslavie Att Vahid Halilhodžić
10%
1992 - 1998 5 France Mil Vincent Guérin
10%
1993 - 1996 puis
1999 - 2000
1 France Mil Xavier Gravelaine
10%
1989 - 1991 1 Yougoslavie Att Zlatko Vujović
10%
1983 - 1989 1 France Att Alain Couriol
0%
2002 - 2003 1 Ghana Mil Alex Nyarko
0%
2001 - 2003 4 Bresil Att Aloísio
0%
1996 -1997 1 France Mil Benoît Cauet
0%
1994 - 1998 2 France Mil Bernard Allou
0%
2000 - 2008 4 France Def Bernard Mendy
0%
2005 - 2007 2 Côte d'Ivoire Att Bonaventure Kalou
0%
1995 - 1998 2 France Def Bruno Ngotty
0%
2004 - 2005 1 France Mil Charles-Édouard Coridon
0%
1997 - 2007 1 France Mil Édouard Cissé
0%
1997 - 1998 3 France Att Florian Maurice
0%
1997 - 1998 1 France Mil Franck Gava
0%
2000 - 2004 1 France Def Frédéric Déhu
0%
1987 - 1990 1 Argentine Mil Gabriel Calderón
0%
2000 - 2002 2 France Att Gaël Hiroux
0%
2001 - 2004 1 Portugal Mil Hugo Leal
0%
1976 - 1986 1 France Mil Jean-Claude Lemoult
0%
1996 - 2001 1 France Def Jimmy Algerino
0%
2001 - 2003 1 France Def Lionel Potillon
0%
2008 - 2011 1 France Att Ludovic Giuly
0%
2002 - 2004 1 Argentine Att Martín Cardetti
0%
1981 - 1984 3 France Att Michel N'Gom
0%
1998 - 1999 1 France Att Nicolas Ouédec
0%
1982 - 1984 1 France Mil Pascal Zaremba
0%
1995 - 1998 8 France Att Patrice Loko
0%
2000 - 2001 1 France Mil Peter Luccin
0%
1984 - 1991 1 France Def Philippe Jeannol
0%
2006 - 2008 3 France Att Pierre-Alain Frau
0%
2000 - 2004 1 Maroc Def Talal El Karkouri
0%
Aucun quiz correspondant
Distribution des résultats
% des personnes avec chaque résultat
Percentile par nombre de réponses
Votre historique - résultats
Vous n’avez pas pris ce quiz depuis la dernière actualisation